000
00301 a2200157 4500
001
162604
020
_a
040
_c
Magnum
100
_a
Paes, Jose Paulo
240
1
0
_a
Olha o bicho
_l
por
245
1
0
_a
Olha o bicho
362
0
_a
1899
440
1
_a
Ática
697
_a
I/POESIA
942
_c
BK
999
_c
162604
_d
162604